Normal view
MARC view
- Banerjee,C.
Entry Personal Name
001 - CONTROL NUMBER
- control field: 6433
003 - CONTROL NUMBER IDENTIFIER
- control field: OSt
005 - DATE AND TIME OF LATEST TRANSACTION
- control field: 20180219081832.0
008 - FIXED-LENGTH DATA ELEMENTS
- fixed length control field: 180219|| aca||aabn | a|a d
040 ## - CATALOGING SOURCE
- Original cataloging agency: OSt
- Transcribing agency: OSt
100 ## - HEADING--PERSONAL NAME
- Personal name: Banerjee,C.
670 ## - SOURCE DATA FOUND
- Source citation: Work cat.: (OSt): Banerjee,C., My World-5, 2012